000 01991nam a2200385 a 4500
001 ebr10500187
003 CaPaEBR
006 m u
007 cr cn|||||||||
008 990714s1999 utuab sb 001 0deng d
010 _z 99006764
020 _z0874212820
020 _z0874212812 (pbk.)
020 _z9780874212815
020 _z9780874213546 (e-book)
040 _aCaPaEBR
_cCaPaEBR
035 _a(OCoLC)763159146
043 _an-us-ut
050 1 4 _aF826
_b.O84 1999eb
082 0 4 _a979.2/01
_221
245 0 0 _aOver the Rim
_h[electronic resource] :
_bthe Parley P. Pratt exploring expedition to Southern Utah, 1849-1850 /
_cWilliam B. Smart and Donna T. Smart, editors.
260 _aLogan :
_bUtah State University Press,
_cc1999.
300 _aix, 270 p. :
_bill., maps.
504 _aIncludes bibliographical references (p. 257-261) and index.
505 0 _aPreface -- Introduction -- The journals -- Great Salt Lake to San Pete -- San Pete to the Little Salt Lake -- Over the rim to Dixie -- Exploration of Little Salt Lake and Cedar Valleys and beyond -- Reunion and celebration -- The long, cold trip home -- The official report -- Epilogue -- Appendices -- Related papers -- Biographies of expedition members -- Robert Campbell's Ute alphabet -- Robert Campbell's emigrant guides -- Bibliography -- Index.
533 _aElectronic reproduction.
_bPalo Alto, Calif. :
_cebrary,
_d2011.
_nAvailable via World Wide Web.
_nAccess may be limited to ebrary affiliated libraries.
600 1 0 _aPratt, Parley P.
_q(Parley Parker),
_d1807-1857.
650 0 _aMormons
_zUtah
_xHistory
_y19th century.
651 0 _aUtah
_xDiscovery and exploration.
655 7 _aElectronic books.
_2local
700 1 _aSmart, William B.
_q(William Buckwalter),
_d1922-
700 1 _aSmart, Donna Toland,
_d1923-
710 2 _aebrary, Inc.
856 4 0 _uhttp://site.ebrary.com/lib/rucke/Doc?id=10500187
_zAn electronic book accessible through the World Wide Web; click to view
999 _c131260
_d131260